000 01044nmm a2200313 a 4500
001 ocm0002015761
003 TR-IsHL
005 20201028180653.0
008 181219s2015 tu tur
007 cr cn
020 _a9786052970768
035 _a2015761
_b(N$T)
050 0 4 _aPR6104.O44
_bG519 2015
090 0 4 _aPR6104.O44
_bG519 2015
100 1 _aDoherty, Nicola
245 1 0 _aKızlar firarda
_h[electronic resource] /
_cNicola Doherty ; çeviri Elif Yurt
260 _aİstanbul :
_bYakamoz Kitap,
_c2015
300 _a479 p.
500 _aeserin orijinal adı: Girls on Tour
650 4 _aDil ve Edebiyat
650 4 _aLanguage and Literature
650 0 _aİrlanda çocuk romanı
650 0 _aIreland juvenile fiction
650 0 _aIreland
_x Fiction
650 0 _aİrlanda
_x Roman
650 7 _aLITERARY COLLECTIONS / European / English, Irish, Scottish, Welsh
_2bisacsh
700 1 _aYurt, Elif
856 4 0 _uhttp://search.ebscohost.com/login.aspx?direct=true&scope=site&db=e011xww&AN=2015761
999 _c19250
_d19250